Statistics for The USA Quiz - I

Click here to take the quiz!

General Stats

  • This quiz has been taken 278 times
  • The average score is 13 of 19

Answer Stats

Answer% Correct
US States beginning with IIndiana
98%
US States beginning with IIowa
96%
US States beginning with IIdaho
95%
US States beginning with IIllinois
94%
Fourth of JulyIndependence Day
90%
Biggest Cities beginning with IIndianapolis
82%
8 colleges in the North EastIvy League
78%
Table used to remove creases in clothingIroning board
72%
Major LeagueCleveland {Indians}
69%
Communication between computersInternet
67%
Freeway networkInterstate
66%
The first day of a Presidential termInauguration Day
62%
Computer chip makerIntel
60%
The motto of the USIn God we trust
58%
NHLNew York {Islanders}
53%
Nicknamed Big BlueIBM
42%
Fast-food chain in South WestIn-N-Out Burger
42%
Biggest Cities beginning with IIrvine
25%
Biggest Cities beginning with IIrving
22%

Score Distribution

Percentile by Number Answered

Percent of People with Each Score

Your Score History

You have not taken this quiz